Associez ces villes d'Europe aléatoires à leur pays - Statistiques

Statistiques générales
  • Ce quiz a été pris 30 872 fois
    22 691 depuis la dernière actualisation
  • Le résultat moyen est 15 sur 20
Statistiques - réponses
Ville Pays % Correct
Barcelone Espagne
98%
Bordeaux France
98%
Lille France
98%
Nantes France
98%
Nîmes France
98%
Paris France
98%
Toulouse France
98%
Milan Italie
98%
Venise Italie
98%
Berlin Allemagne
97%
Munich Allemagne
97%
Bruxelles Belgique
97%
Brest Biélorussie
97%
Madrid Espagne
97%
Dijon France
97%
Clermont-Ferrand France
97%
Grenoble France
97%
Lyon France
97%
Marseille France
97%
Montpellier France
97%
Nice France
97%
Reims France
97%
Rennes France
97%
Rouen France
97%
Strasbourg France
97%
Toulon France
97%
Tours France
97%
Athènes Grèce
97%
Florence Italie
97%
Rome Italie
97%
Amsterdam Pays-Bas
97%
Lisbonne Portugal
97%
Liverpool Royaume-Uni
97%
Londres Royaume-Uni
97%
Moscou Russie
97%
Genève Suisse
97%
Séville Espagne
96%
Angers France
96%
Amiens France
96%
Calais France
96%
Le Havre France
96%
Saint-Étienne France
96%
Naples Italie
96%
Porto Portugal
96%
Manchester Royaume-Uni
96%
Kiev Ukraine
96%
Vienne Autriche
95%
Liège Belgique
95%
Valence Espagne
95%
Metz France
95%
Perpignan France
95%
Oxford Royaume-Uni
95%
Palma de Majorque Espagne
94%
Dublin Irlande
94%
Turin Italie
94%
Oslo Norvège
94%
Rotterdam Pays-Bas
94%
Birmingham Royaume-Uni
94%
Newcastle Royaume-Uni
94%
Stockholm Suède
94%
Istanbul Turquie
94%
Düsseldorf Allemagne
93%
Hambourg Allemagne
93%
Andorre-la-Vieille Andorre
93%
Saint-Pétersbourg Russie
93%
Berne Suisse
93%
Bruges Belgique
92%
Helsinki Finlande
92%
Brighton Royaume-Uni
92%
Dortmund Allemagne
91%
Nuremberg Allemagne
91%
Copenhague Danemark
91%
Varsovie Pologne
91%
Nottingham Royaume-Uni
91%
Bilbao Espagne
90%
Málaga Espagne
90%
Budapest Hongrie
90%
Zurich Suisse
90%
Cologne Allemagne
89%
Francfort-sur-le-Main Allemagne
89%
Parme Italie
89%
Palerme Italie
89%
Stuttgart Allemagne
88%
Prague République Tchèque
88%
Zagreb Croatie
87%
Grenade Espagne
87%
Bologne Italie
87%
Vérone Italie
87%
Bucarest Roumanie
87%
Glasgow Royaume-Uni
87%
Charleroi Belgique
86%
Alicante Espagne
86%
Leicester Royaume-Uni
86%
Leipzig Allemagne
85%
Southampton Royaume-Uni
85%
Lausanne Suisse
85%
Anvers Belgique
84%
Sofia Bulgarie
84%
Cardiff Royaume-Uni
84%
Édimbourg Royaume-Uni
84%
Sheffield Royaume-Uni
84%
Reykjavik Islande
83%
Gênes Italie
81%
Cracovie Pologne
81%
Bristol Royaume-Uni
81%
Leeds Royaume-Uni
81%
Kaliningrad Russie
80%
Salzbourg Autriche
79%
La Valette Malte
79%
Bâle Suisse
79%
Cagliari Italie
78%
Plymouth Royaume-Uni
78%
Sarajevo Bosnie-Herzégovine
77%
Neuchâtel Suisse
77%
Mannheim Allemagne
76%
Minsk Biélorussie
76%
Tallinn Estonie
76%
Belgrade Serbie
76%
Fribourg-en-Brigsau Allemagne
75%
Vilnius Lituanie
75%
Valladolid Espagne
74%
Saragosse Espagne
74%
Riga Lettonie
74%
Eindhoven Pays-Bas
73%
Belfast Royaume-Uni
73%
Coventry Royaume-Uni
73%
Maastricht Pays-Bas
72%
La Haye Pays-Bas
72%
Ljubljana Slovénie
72%
Kharkiv Ukraine
72%
Tirana Albanie
71%
Brême Allemagne
71%
Héraklion Grèce
71%
Poznań Pologne
71%
Wrocław Pologne
71%
Volgograd Russie
71%
Bratislava Slovaquie
71%
Malmö Suède
71%
Cordoue Espagne
70%
Cadix Espagne
70%
Thessalonique Grèce
70%
Hanovre Allemagne
69%
Louvain Belgique
69%
Galway Irlande
69%
Sotchi Russie
69%
Donetsk Ukraine
68%
Lucerne Suisse
67%
Aix-la-Chapelle Allemagne
66%
Göteborg Suède
66%
Pampelune Espagne
65%
Salamanque Espagne
64%
Sébastopol Russie / Ukraine
64%
Dresde Allemagne
63%
Sarrebruck Allemagne
63%
Cork Irlande
63%
Utrecht Pays-Bas
63%
Lviv Ukraine
63%
Namur Belgique
62%
Split Croatie
62%
Mykolaïv Ukraine
62%
Bonn Allemagne
61%
Catane Italie
61%
Vaduz Liechtenstein
61%
Marioupol Ukraine
61%
Brescia Italie
60%
Chișinău Moldavie
60%
Saratov Russie
59%
Gand Belgique
58%
Mons Belgique
58%
Dubrovnik Croatie
58%
Bari Italie
58%
Skopje Macédoine du Nord
58%
Swansea Royaume-Uni
58%
Braga Portugal
57%
Trieste Italie
56%
Gdańsk Pologne
56%
Katowice Pologne
56%
Szczecin Pologne
56%
Vigo Espagne
55%
Pristina Kosovo
55%
Odessa Ukraine
55%
Nijni Novgorod Russie
54%
Murcie Espagne
53%
Syracuse Italie
53%
Łódź Pologne
53%
Innsbruck Autriche
52%
Podgorica Monténégro
52%
Mourmansk Russie
52%
Douvres Royaume-Uni
51%
Kazan Russie
50%
Dnipro Ukraine
50%
Padoue Italie
49%
Rostov-sur-le-Don Russie
49%
Bydgoszcz Pologne
48%
Aberdeen Royaume-Uni
48%
Krasnodar Russie
48%
Louhansk Ukraine
47%
Bielefeld Allemagne
46%
Linz Autriche
46%
Yalta Russie / Ukraine
46%
Saint-Gall Suisse
46%
Bergen Norvège
45%
Iaroslavl Russie
45%
Constanţa Roumanie
44%
Cluj-Napoca Roumanie
44%
Kryvyi Rih Ukraine
43%
Kiel Allemagne
42%
Zaporijia Ukraine
42%
Timișoara Roumanie
40%
Patras Grèce
39%
Voronej Russie
38%
Rostock Allemagne
36%
Trondheim Norvège
36%
Brno République Tchèque
34%
Arkhangelsk Russie
33%
Uppsala Suède
33%
Aarhus Danemark
32%
Astrakhan Russie
31%
Plovdiv Bulgarie
29%
Ostrava République Tchèque
29%
Odense Danemark
28%
Oulu Finlande
27%
Novi Sad Serbie
27%
Varna Bulgarie
25%
Tampere Finlande
25%
Oufa Russie
25%
Perm Russie
23%
Samara Russie
20%
Homiel Biélorussie
17%
Aucun quiz correspondant
Distribution des résultats
% des personnes avec chaque résultat
Percentile par nombre de réponses
Votre historique - résultats
Vous n’avez pas pris ce quiz depuis la dernière actualisation